Derecho político y constitucional (Registro nro. 5804)
[ vista simple ]
| 000 -CABECERA | |
|---|---|
| Longitud fija campo de control | 00498nam a2200181Ia 4500 |
| 001 - NÚMERO DE CONTROL | |
| Número de control | 365667 |
| 003 - IDENTIFICADOR DEL NÚMERO DE CONTROL | |
| Identificador del número de control | EcQuBN |
| 008 - DATOS DE LONGITUD FIJA--INFORMACIÓN GENERAL | |
| Códigos de información de longitud fija | 130917s9999 xx 000 0 und d |
| 041 1# - CÓDIGO DE LENGUA | |
| Código de lengua del texto;banda sonora o título independiente | spa |
| 082 0# - NÚMERO DE LA CLASIFICACIÓN DECIMAL DEWEY | |
| Número de clasificación | 342.4 |
| Número de documento | B734 |
| 100 1# - ENTRADA PRINCIPAL--NOMBRE DE PERSONA | |
| Nombre de persona | Borja Cevallos, Rodrigo |
| 245 10 - MENCIÓN DE TÍTULO | |
| Título | Derecho político y constitucional |
| Mención de responsabilidad, etc. | Rodrigo Borja |
| 260 ## - PUBLICACIÓN, DISTRIBUCIÓN, ETC. (PIE DE IMPRENTA) | |
| Lugar de publicación, distribución, etc. | Quito, Ecuador : |
| Nombre del editor, distribuidor, etc. | Casa de la Cultura Ecuatoriana |
| Fecha de publicación, distribución, etc. | 1971 |
| 300 ## - DESCRIPCIÓN FÍSICA | |
| Extensión | 318 p. |
| 651 #4 - PUNTO DE ACCESO ADICIONAL DE MATERIA--NOMBRE GEOGRÁFICO | |
| Nombre geográfico | Ecuador |
| Subdivisión de materia general | Derecho constitucional |
| 912 ## - | |
| -- | 8732 |
| -- | 1983-04-26 |
| 942 ## - ELEMENTOS DE PUNTO DE ACCESO ADICIONAL (KOHA) | |
| Fuente de clasificaión o esquema | Dewey Decimal Classification |
| Koha [por defecto] tipo de item | |
| Suprimido | Perdido | Fuente de clasificación o esquema | Estropeado | No se presta | Koha Colección | Localización (Biblioteca) | Localización actual | Localización en estanterías | Fecha adquisición | Préstamos totales | Clasificación completa | Designación de pieza (código de barras) | Fecha última consulta | Número de ejemplar | Fecha del precio de reemplazo | Tipo de item de Koha | Restricciones de uso | Serie de enumeración ; cronología |
|---|---|---|---|---|---|---|---|---|---|---|---|---|---|---|---|---|---|---|
| Disponible | Dewey Decimal Classification | Sin daños | Disponible para préstamo | Biblioteca CCE - Bolívar | Biblioteca CCE - Bolívar | En Col. | 08/06/2018 | 342.2 B734 | CCE-BOL18062047 | 08/06/2018 | Ej. 1 | 08/06/2018 | Monografía | Sin restricciones de uso | t 1 | |||
| Disponible | Dewey Decimal Classification | Sin daños | Disponible para préstamo | Biblioteca CCE - Bolívar | Biblioteca CCE - Bolívar | En Col. | 08/06/2018 | 342.4 B734 | CCE-BOL18062048 | 08/06/2018 | Ej. 1 | 08/06/2018 | Monografía | Sin restricciones de uso | t 2 | |||
| Disponible | Dewey Decimal Classification | Sin daños | Disponible para préstamo | Biblioteca y Archivo de la CCE | Biblioteca y Archivo de la CCE | 22/06/2007 | 342.4 B734 | N2647 | 17/09/2013 | Ej.1 | 17/09/2013 | Monografía |























